LEADER 01371nam0 2200301 i 450 001 SUN0073623 005 20150427022259.19 010 $a88-06-32003-3 100 $a20100127d1967 |0itac50 ba 101 $aita 102 $aIT 105 $a|||| ||||| 200 1 $aGeografia e storia della letteratura italiana$fCarlo Dionisotti 205 $aTorino : Einaudi$b1967 210 $d250 p. ; 22 cm 215 $aContiene: Postilla a una lettera scarlatta, Geografia e storia della letteratura italiana, Chierici e laici, Per una storia della lingua italiana, Tradizione classica e volgarizzamenti. 410 1$1001SUN0016872$12001 $aPiccola biblioteca Einaudi$v163$1210 $aTorino$cEinaudi. 606 $aLetteratura italiana$xSaggi$2FI$3SUNC027030 620 $dTorino$3SUNL000001 676 $a850.4$v21 700 1$aDionisotti$b, Carlo$f1908-1998$3SUNV063523$0134865 712 $aEinaudi$3SUNV000030$4650 801 $aIT$bSOL$c20181109$gRICA 912 $aSUN0073623 950 $aUFFICIO DI BIBLIOTECA DEL DIPARTIMENTO DI LETTERE E BENI CULTURALI$d07 CONS Zd 576 $e07 1555 995 $aUFFICIO DI BIBLIOTECA DEL DIPARTIMENTO DI LETTERE E BENI CULTURALI$bIT-CE0103$h1555$kCONS Zd 576$oc$qa 996 $aGeografia e storia della letteratura italiana$9136677 997 $aUNICAMPANIA LEADER 03803nam 2200565 450 001 9910522960903321 005 20221004134810.0 010 $a3-030-91363-5 010 $a978-3-030-91362-5$b(hardback) 010 $a978-3-030-91363-2$b(ebook) 035 $a(EXLCZ)9920443686000041 100 $a20220906d2022 uy 0 101 0 $aeng 181 $ctxt$2rdacontent 182 $cc$2rdamedia 183 $acr$2rdacarrier 200 14$aThe European Union's trade defence modernisation package $ea missed opportunity at reconciling trade and competition? /$fPatricia Trapp 210 1$aCham, Switzerland :$cSpringer,$d2022. 215 $axvi, 332 pages 225 1 $aEuropean Yearbook of International Economic Law. EYIEL Monographs, Studies in European and International Economic Law ;$vVolume 23 320 $aIncludes bibliographical references. 330 $a"Anti-dumping and anti-subsidy measures are the most important elements of the European Union's trade defence instruments. Since the beginning of the European integration process, they have been used to combat trade practices which are considered 'unfair' and their distortive effects on competition in the internal market. However, while the imposition of trade defence measures aims to level the playing field between EU producers and their foreign competitors, it also produces negative effects on competition itself.Based on the role attributed to competition and trade defence policy respectively throughout the European integration process, this book argues that the trading bloc's trade defence instruments should not be designed or applied with the objective of granting maximum protection to EU producers, but that their use should be limited to what is necessary to ensure fairness in competition between EU producers and exporting producers.However, an analysis of the changes made to the European Union's Basic Anti-Dumping Regulation and the Basic Anti-Subsidy Regulation by the Trade Defence Modernisation Package reveals that several aspects of the European Union's modernised trade defence instruments do not meet this requirement. Rather than being limited to offsetting the unfair competitive advantages of producers practicing dumping or benefiting from subsidies, the reformed provisions go beyond this, distorting competition in favour of the EU industry instead. Furthermore, the book critically assesses the reformed rules relating to the integration of social and environmental aspects in the imposition of anti-dumping or anti-subsidy measures as well as the modernised basic regulations' compatibility with WTO law."--Publisher. 410 0$aEuropean yearbook of international economic law ;$vVolume 23. 606 $ainternational trade law$9eng$2eurovoc 606 $acompetition law$9eng$2eurovoc 606 $acommon commercial policy$9eng$2eurovoc 606 $atrade restriction$9eng$2eurovoc 606 $aUE/CE Droit$9fre$2ECLAS 606 $aEU law$9eng$2eurovoc 606 $arestriction on competition$9eng$2eurovoc 606 $aWorld Trade Organisation$9eng$2eurovoc 606 $aUE/CE Union européenne$9fre$2ECLAS 606 $aEuropean Union$9eng$2eurovoc 606 $athesis$9eng$2eurovoc 615 7$ainternational trade law. 615 7$acompetition law. 615 7$acommon commercial policy. 615 7$atrade restriction. 615 7$aUE/CE Droit 615 7$aEU law. 615 7$arestriction on competition. 615 7$aWorld Trade Organisation. 615 7$aUE/CE Union européenne 615 7$aEuropean Union. 615 7$athesis. 700 $aTrapp$b Patricia$01081379 906 $aBOOK 912 $a9910522960903321 996 $aThe European Union's trade defence modernisation package$92595190 997 $aUNINA LEADER 01928nam 2200505I 450 001 9910701061903321 005 20150918160419.0 035 $a(CKB)5470000002414417 035 $a(OCoLC)921506336 035 $a(EXLCZ)995470000002414417 100 $a20150918j201105 ua 0 101 0 $aeng 135 $aurcn||||||||| 181 $ctxt$2rdacontent 182 $cc$2rdamedia 183 $acr$2rdacarrier 200 10$aExperimental studies of NaK in a simulated space environment /$fMarc Gibson, James Sanzi, Damir Ljubanovic 210 1$aCleveland, Ohio :$cNational Aeronautics and Space Administration, Glenn Research Center,$dMay 2011. 215 $a1 online resource (9 pages) $ccolor illustrations 225 1 $aNASA/TM ;$v2011-217095 300 $aTitle from title screen (viewed Sept. 18, 2015). 300 $a"May 2011." 300 $a"Prepared for the Nuclear and Emerging Technologies for Space (NETS-2011) cosponsored by the ANS Aerospace Nuclear Science and Technology Division, the ANS Trinity Section, and the AIAA, Albuquerque, New Mexico, February 7-10, 2011." 320 $aIncludes bibliographical references (page 9). 606 $aAerospace environments$2nasat 606 $aCoolants$2nasat 606 $aSpacecraft power supplies$2nasat 606 $aFission$2nasat 606 $aLiquid metals$2nasat 615 7$aAerospace environments. 615 7$aCoolants. 615 7$aSpacecraft power supplies. 615 7$aFission. 615 7$aLiquid metals. 700 $aGibson$b Marc$01418861 702 $aSanzi$b James 702 $aLjubanovic$b Damir 712 02$aNASA Glenn Research Center, 712 02$aUnited States.$bNational Aeronautics and Space Administration, 801 0$bGPO 801 1$bGPO 906 $aBOOK 912 $a9910701061903321 996 $aExperimental studies of NaK in a simulated space environment$93531447 997 $aUNINA